Statistics for My Heart Will Go On Lyrics - Céline Dion

Click here to take the quiz!

General Stats

  • This quiz has been taken 710 times
  • The average score is 150 of 172

Answer Stats

Answer % Correct
I
100%
a
99%
go
99%
heart
99%
My
99%
on
99%
You
99%
you
99%
my
99%
will
97%
In
96%
The
96%
and
96%
in
96%
the
96%
And
96%
see
94%
are
94%
That
93%
that
93%
feel
93%
night
92%
Every
92%
dreams
92%
know
91%
Far
91%
Near
90%
Wherever
89%
is
89%
how
86%
to
84%
believe
84%
us
83%
between
81%
here
80%
for
80%
Love
80%
distance
80%
door
78%
does
78%
across
78%
open
77%
Once
76%
more
76%
spaces
76%
have
75%
You're
74%
you're
74%
time
74%
can
73%
life
72%
One
71%
one
71%
come
71%
show
71%
last
68%
when
68%
lifetime
66%
Forever
65%
always
65%
touch
65%
nothing
64%
this
64%
There's
62%
fear
62%
way
61%
stay
61%
hold
61%
We'll
58%
was
58%
we'll
58%
never
57%
true
56%
we're
56%
safe
56%
let
54%
loved
53%
gone
50%
till
47%

Score Distribution

Percentile by Number Answered

Percent of People with Each Score

Your Score History

You have not taken this quiz